000 00987nam a2200289 a 4500
001 19081
003 UkOxU
005 20211209000400.0
008 140223r19631962enk 000 0 eng d
035 _aBD-RjUL)19139
035 _a(OCoLC)1105645
040 _aMAL
_dm.c
_beng
_cBD-RjUL
041 _aeng
082 0 4 _a822
_bWIS 1963
100 1 _aWilliams, Tennessee,
_d1911-1983.
_953057
245 1 0 _aSweet bird of youth :
_bA streetcar named Desire ; The glass menagerie /
_cTennesse Williams ; edited by E. Martin Browne
260 _aHarmondsworth :
_bPenguin Books in association with Secker & Warburg,
_cc1962 [Reprinted 1963]
300 _a313 p. ;
_c18 cm
490 1 _aPenguin plays ;
_vPL 15
650 0 _a American drama -- 20th century.
_952510
830 0 _vPL 15
_958825
700 1 _aBrowne, E. Martin
_q(Elliott Martin),
_d1900-1980.
_958822
830 0 _aPenguin plays ;
_958826
942 _2ddc
_cBK
999 _c19081
_d19081